书目信息 |
| 题名: |
水利工程关键问题有限元解决方案
|
|
| 作者: | 王立成 著 | |
| 分册: | 上册 | |
| 出版信息: | 郑州 黄河水利出版社 2021.12 |
|
| 页数: | 202页 | |
| 开本: | 26cm | |
| 丛书名: | ||
| 单 册: | ||
| 中图分类: | TU-39 | |
| 科图分类: | ||
| 主题词: | 水利工程--shui li gong cheng--有限元分析 | |
| 电子资源: | ||
| ISBN: | 978-7-5509-3188-6 | |
| 000 | 00972nam0 2200229 450 | |
| 001 | 011025154540 | |
| 005 | 20221025154540.0 | |
| 010 | @a978-7-5509-3188-6@dCNY49.00 | |
| 100 | @a20201004d2021 em y0chiy0120 ea | |
| 101 | 0 | @achi |
| 102 | @aCN@b410000 | |
| 105 | @aa z 000yy | |
| 106 | @ar | |
| 200 | 1 | @a水利工程关键问题有限元解决方案@Ashui li gong cheng guan jian wen ti you xian yuan jie jue fang an@h上册@f王立成等著 |
| 210 | @a郑州@c黄河水利出版社@d2021.12 | |
| 215 | @a202页@c图@d26cm | |
| 304 | @a著者还有:李永胜、刘伟丽、唐志坚、冯晏辉、薛玮翔 | |
| 330 | @a本书采用有限元技术从分析步骤、实体建模过程、网格划分及模型建立、求解分析等方面使用方法进行了详细介绍;通过对实际水利工程计算与模拟情况进行了详细阐述,并给出合理的建议,系统分析了有限元技术在水利工程中的适用性及可靠性,具有很好参考价值。 | |
| 606 | 0 | @a水利工程@Ashui li gong cheng@x有限元分析 |
| 690 | @aTU-39@v5 | |
| 701 | 0 | @a王立成@Awang li cheng@4著 |
| 905 | @a河南城建学院图书馆@dTU-39@eW250 | |
| 水利工程关键问题有限元解决方案.上册/王立成等著.-郑州:黄河水利出版社,2021.12 |
| 202页:图;26cm |
| ISBN 978-7-5509-3188-6:CNY49.00 |
| 本书采用有限元技术从分析步骤、实体建模过程、网格划分及模型建立、求解分析等方面使用方法进行了详细介绍;通过对实际水利工程计算与模拟情况进行了详细阐述,并给出合理的建议,系统分析了有限元技术在水利工程中的适用性及可靠性,具有很好参考价值。 |
| ● |
| 相关链接 |
|
|
|
正题名:水利工程关键问题有限元解决方案
索取号:TU-39/W250
 
预约/预借
| 序号 | 登录号 | 条形码 | 馆藏地/架位号 | 状态 | 备注 |
| 1 | 1590719 | 215907197 | 建筑库101/101建筑库 10排1列5层/ [索取号:TU-39/W250] | 在馆 | |
| 2 | 1590720 | 215907204 | 建筑库101/101建筑库 10排1列5层/ [索取号:TU-39/W250] | 在馆 |